Normal view
MARC view
- الغزالي، محمد بن محمد ؛ تقديم وتحقيق وتعليق: محمد مصطفى أبو العلا، محمد محمد جابر
Entry Personal Name
001 - CONTROL NUMBER
- control field: 35096
003 - CONTROL NUMBER IDENTIFIER
- control field: JO-AjAnu
005 - DATE AND TIME OF LATEST TRANSACTION
- control field: 20230606075855.0
008 - FIXED-LENGTH DATA ELEMENTS
- fixed length control field: 230606|| aca||aabn | a|a d
040 ## - CATALOGING SOURCE
- Original cataloging agency: JO-AjAnu
- Transcribing agency: JO-AjAnu
100 ## - HEADING--PERSONAL NAME
- Personal name: الغزالي، محمد بن محمد ؛ تقديم وتحقيق وتعليق: محمد مصطفى أبو العلا، محمد محمد جابر
670 ## - SOURCE DATA FOUND
- Source citation: Work cat.: (JO-AjAnu)18023: الغزالي، محمد بن محمد ؛ تقديم وتحقيق وتعليق: محمد مصطفى أبو العلا، محمد محمد جابر, author, المنقذ من الضلال ومعه كيمياء السعادة والقواعد العشرة و الأدب في الدين